| 000 | 00324nam a2200121Ia 4500 | ||
|---|---|---|---|
| 005 | 20251222154353.0 | ||
| 008 | 251222s9999||||xx |||||||||||||| ||spa|| | ||
| 020 | _a84-206-0681-2 | ||
| 082 | _a868.7/T77 | ||
| 100 | _a"Toussaint-Samat, Maguelonne" | ||
| 245 | 0 | _aHistoria técnica y moral del vestido: Las telas | |
| 942 | _cLIB | ||
| 999 |
_c34967 _d34967 |
||